Statistics of financial markets: (Record no. 30853)
[ view plain ]
| 000 -LEADER | |
|---|---|
| fixed length control field | 00506nam a22001457a 4500 |
| 008 - FIXED-LENGTH DATA ELEMENTS--GENERAL INFORMATION | |
| fixed length control field | 210125b ||||| |||| 00| 0 eng d |
| 050 ## - LIBRARY OF CONGRESS CALL NUMBER | |
| Classification number | HG 176.5 .F73 2019 |
| 100 ## - MAIN ENTRY--PERSONAL NAME | |
| Personal name | Franke,Jurgen. |
| 245 ## - TITLE STATEMENT | |
| Title | Statistics of financial markets: |
| Remainder of title | an introduction/ |
| Statement of responsibility, etc. | Jurgen franke. |
| 250 ## - EDITION STATEMENT | |
| Edition statement | 5th ed |
| 260 ## - PUBLICATION, DISTRIBUTION, ETC. (IMPRINT) | |
| Place of publication, distribution, etc. | Switzerland: |
| Name of publisher, distributor, etc. | Springer, |
| Date of publication, distribution, etc. | c2019 |
| 300 ## - PHYSICAL DESCRIPTION | |
| Extent | xxxvi,585p.: |
| Other physical details | ill.(some col).; |
| Dimensions | 24cm |
| 504 ## - BIBLIOGRAPHY, ETC. NOTE | |
| Bibliography, etc | Includes bibliographical details and index |
| 942 ## - ADDED ENTRY ELEMENTS (KOHA) | |
| Source of classification or shelving scheme | |
| Koha item type | Hard Covered Materials |
| Classification part | HG 176.5 .F73 2019 |
| Withdrawn status | Lost status | Source of classification or shelving scheme | Damaged status | Not for loan | Home library | Current library | Shelving location | Date acquired | Source of acquisition | Cost, normal purchase price | Total Checkouts | Full call number | Barcode | Date last seen | Price effective from | Koha item type |
|---|---|---|---|---|---|---|---|---|---|---|---|---|---|---|---|---|
| MACHAKOS UNIVERSITY LIBRARY | MACHAKOS UNIVERSITY LIBRARY | Open shelf | 25/01/2021 | purchase(Njigua books) | 9133.00 | HG 176.5 .F73 2019 | 23504 | 30/03/2021 | 25/01/2021 | Hard Covered Materials | ||||||
| MACHAKOS UNIVERSITY LIBRARY | MACHAKOS UNIVERSITY LIBRARY | Open shelf | 25/01/2021 | purchase(Njigua books) | 9133.00 | HG 176.5 .F73 2019 | 23510 | 25/01/2021 | 25/01/2021 | Hard Covered Materials | ||||||
| MACHAKOS UNIVERSITY LIBRARY | MACHAKOS UNIVERSITY LIBRARY | Open shelf | 25/01/2021 | purchase(Njigua books) | 9133.00 | HG 176.5 .F73 2019 | 23530 | 25/01/2021 | 25/01/2021 | Hard Covered Materials |